Robert Valladier-Chante, En Ardèche autrefois. Haut-Vivarais et Boutières au xve siècle. Paroisses et société rurale, t. 1 et 2, Valence, Éditions et Régions, 2004, 557 p., 23 €, isbn 2847940324 (notice n° 1585355)
[ vue normale ]
| 000 -LEADER | |
|---|---|
| fixed length control field | 00658cam a2200145 4500500 |
| 005 - DATE AND TIME OF LATEST TRANSACTION | |
| control field | 20251228053405.0 |
| 041 ## - LANGUAGE CODE | |
| Language code of text/sound track or separate title | fre |
| 042 ## - AUTHENTICATION CODE | |
| Authentication code | dc |
| 100 10 - MAIN ENTRY--PERSONAL NAME | |
| Personal name | Mouthon, Fabrice |
| Relator term | author |
| 245 00 - TITLE STATEMENT | |
| Title | Robert Valladier-Chante, En Ardèche autrefois. Haut-Vivarais et Boutières au xve siècle. Paroisses et société rurale, t. 1 et 2, Valence, Éditions et Régions, 2004, 557 p., 23 €, isbn 2847940324 |
| 260 ## - PUBLICATION, DISTRIBUTION, ETC. | |
| Date of publication, distribution, etc. | 2005.<br/> |
| 500 ## - GENERAL NOTE | |
| General note | 2 |
| 786 0# - DATA SOURCE ENTRY | |
| Note | Histoire & Sociétés Rurales | 24 | 2 | 2005-10-01 | p. 171r-276r | 1254-728X |
| 856 41 - ELECTRONIC LOCATION AND ACCESS | |
| Uniform Resource Identifier | <a href="https://shs.cairn.info/revue-histoire-et-societes-rurales-2005-2-page-171r?lang=fr&redirect-ssocas=7080">https://shs.cairn.info/revue-histoire-et-societes-rurales-2005-2-page-171r?lang=fr&redirect-ssocas=7080</a> |
Pas d'exemplaire disponible.




Réseaux sociaux